Les verbes de la langue française commençant par "da" - Statistiques

Statistiques générales
  • Ce quiz a été pris 201 fois
  • Le résultat moyen est 6 sur 11
Statistiques - réponses
Indice Verbe % Correct
valser danser
96%
marquer - calendrier dater
86%
condamner à l'enfer damner
84%
taper à la machine dactylographier
70%
surpasser - pion damer
61%
empierrer daller
50%
se balancer dandiner
45%
percer - soleil darder
30%
consentir daigner
22%
voler pour un faucon daguer
16%
dénigrer dauber
10%
Aucun quiz correspondant
Distribution des résultats
% des personnes avec chaque résultat
Percentile par nombre de réponses
Votre historique - résultats
Vous n’avez pas pris ce quiz